000 00702nam a2200241 i 4500
001 2677023
003 ARRUPE
005 20160203141106.0
008 800501s1937 enk 000 0 eng d
035 _a(OCoLC)ocm06269212
040 _aHRM
_cHRM
_dZCU
050 _aSPC DT3058.L35S836
099 _a967.5
_aSt44
100 1 _aStephenson, John E.
_921972
245 1 0 _aChirupula's tale :
_ba bye-way in African history /
_cby J.E. Stephenson.
260 _aLondon :
_bGeoffrey Bles,
_c1937.
300 _a281 p. ;
_c21 cm.
500 _aMaps on lining papers.
600 _aStephenson, John Edward
_921973
651 0 _aLala (African people)
_921974
942 _2lcc
_cMONOGRAPH
999 _c124091
_d124091